MARC

LEADER 00000nam0a2200000 4500
001 302237
005 20231102001501.0
035 |a (RuTPU)RU\TPU\book\327434 
090 |a 302237 
100 |a 20150820d1982 km y0rusy50 ca 
101 0 |a rus 
102 |a RU 
105 |a a z 001zy 
200 1 |a Охрана труда и техники безопасности на газовом промысле  |f П. В. Куцын, Р. Я. Эстрин 
210 |a Москва  |c Недра  |d 1982 
215 |a 246 с.  |c ил. 
320 |a Библиогр.: с. 234-235 
606 1 |a Газовые промыслы  |x Охрана труда  |2 stltpush  |3 (RuTPU)RU\TPU\subj\4675  |9 32919 
606 1 |a Газовая промышленность, предприятия  |x Охрана труда  |2 stltpush  |3 (RuTPU)RU\TPU\subj\4586 
610 1 |a техника безопасности 
610 1 |a правила 
610 1 |a газоконденсатные скважины 
610 1 |a эксплуатация 
610 1 |a газопроводы 
610 1 |a газокомпрессорные станции 
610 1 |a автоматизация 
610 1 |a телемеханизация 
610 1 |a производственная санитария 
675 |a 622.324  |v 4 
675 |a 622.8  |v 4 
700 1 |a Куцын  |b П. В. 
701 1 |a Эстрин  |b Р. Я. 
801 1 |a RU  |b 63413507  |c 20150820 
801 2 |a RU  |b 63413507  |c 20190621  |g RCR 
942 |c BK